LEADER 01030cam0-2200361---450- 001 990004640600403321 005 20080905130724.0 035 $a000464060 035 $aFED01000464060 035 $a(Aleph)000464060FED01 035 $a000464060 100 $a19990604d1912----km-y0itay50------ba 101 1 $aita 102 $aIT 105 $ay-------001yy 200 1 $aAcvaghosa$epoeta del Buddhismo$fCarlo Formichi 210 $aBari$cLaterza$d1912. 215 $aXVI, 408 p.$d21 cm 225 1 $aBiblioteca di cultura moderna$v54 312 $aIl volume riporta la versione italiana di Buddhacarita di Acvaghosa (pp. 121-400) 517 1 $aAsvaghosa 517 1 $aBuddhacarita 610 0 $aBuddismo$aTesti 610 0 $aLetteratura indiana 676 $a891.4 700 1$aFormichi,$bCarlo$f<1871-1943>$0177077 801 0$aIT$bUNINA$gRICA$2UNIMARC 901 $aBK 912 $a990004640600403321 952 $a891.4 FOR 1$bBibl.1867$fFLFBC 959 $aFLFBC 996 $aAcvaghosa$9554222 997 $aUNINA LEADER 00834nam0-22003131i-450- 001 990003073590403321 035 $a000307359 035 $aFED01000307359 035 $a(Aleph)000307359FED01 035 $a000307359 100 $a20000920d1962----km-y0itay50------ba 101 0 $aita 102 $aIT 200 1 $aEurope's Future in Figures$fEdited by R.C. Geary. 210 $aAmsterdam$cNorth-Holland$d1962. 215 $aviii, 340 p.$d23 cm 610 0 $aPrevisioni$aEuropa 676 $aF/1.4 676 $aF/2.5 702 1$aGeary,$bR. C.$f<1896-1983> 801 0$aIT$bUNINA$gRICA$2UNIMARC 901 $aBK 912 $a990003073590403321 952 $aF/2.5 EUR/2$b1783/I$fSES 952 $aF/2.5 EUR/1$b022904$fSES 959 $aSES 996 $aEurope's Future in Figures$9464592 997 $aUNINA DB $aING01